Logo BPK

Bibliografia Prac Pracowników

Politechniki Koszalińskiej

Wpływ introdukcji egzotycznych gatunków ryb na biocenozy polskich jezior / (Rekord nr 809)

Szczegóły MARC
000 -ETYKIETA REKORDU
podpole kontrolne o stałej długości 00731naa a2200193 i 4500
001 - NUMER KONTROLNY REKORDU
podpole kontrolne BPP
003 - IDENTYFIKATOR NUMERU KONTROLNEGO REKORDU
podpole kontrolne BPK
005 - DATA OSTATNIEJ MODYFIKACJI REKORDU
podpole kontrolne 20180403134157.0
008 - POLE O STAŁEJ DŁUGOŚCI - DANE KONTROLNE
podpole kontrolne o stałej długości 150202s pl f |000 0 pol
040 ## - ŹRÓDŁO KATALOGOWANIA
Instytucja, która utworzyła rekord BPK
080 ## - UNIWERSALNA KLASYFIKACJA DZIESIĘTNA - UKD
UKD 597.2/.5(28)
100 ## - NAZWA OSOBOWA
Nazwa osobowa HEESE, Tomasz.
Lata pracy 1996 -.
Instytucja Politechnika Koszalińska - Wydział Budownictwa i Inżynierii Środowiska,
Wydział Katedra Biologii Środowiskowej
245 ## - TYTUŁ/ODPOWIEDZIALNOŚĆ
Tytuł Wpływ introdukcji egzotycznych gatunków ryb na biocenozy polskich jezior /
Pozostałe elementy strefy tytułu i oznaczenia odpowiedzialności Tomasz Heese.
500 ## - UWAGI OGÓLNE
Tekst uwagi Dane z bibliografii załącznikowej.
650 ## - HASŁO PRZEDMIOTOWE W FORMIE NAZWY OGÓLNEJ LUB JEDNOSTKOWEJ
Nazwa ogólna lub geograficzna Biocenoza.
650 #0 - HASŁO PRZEDMIOTOWE W FORMIE NAZWY OGÓLNEJ LUB JEDNOSTKOWEJ
Nazwa ogólna lub geograficzna Jeziora - Polska.
773 ## - TYTUŁ DOKUMENTU MACIERZYSTEGO
Wyrażenie wprowadzające W :
Tytuł Wpływ antropopresji na jeziora. -
Adres wydawniczy Poznań - Bydgoszcz : Homini, 1997. -
Informacje dotyczące relacji s. 26-31
942 ## - HASŁO DODATKOWE - ELEMENTY(KOHA)
Typ dokumentu Artykuł
Schemat klasyfikacji Uniwersalna klasyfikacja dziesiętna

Brak dostępnych egzemplarzy.

© 2014 Biblioteka Politechniki Koszalińskiej :: BIBLIOGRAFIA PRAC PRACOWNIKÓW